| 000 | 00571nam a2200193Ia 4500 | ||
|---|---|---|---|
| 005 | 20250923145052.0 | ||
| 008 | 008 250917s9999 xx 000 0 eng d | ||
| 037 | _aTextual | ||
| 040 |
_aDSWL _beng _cDSWL |
||
| 041 |
_aeng _2eng |
||
| 084 | _qDSWL | ||
| 245 | 0 |
_aReport of the seminar on role of volunteer in Social Part II-Madras, March 23-27,1964 _cby Indian Conference of Social Work |
|
| 260 |
_b42 Quens Barracks Foreore Rd. _c1964 |
||
| 300 | _avi,106p. | ||
| 365 |
_aINR _b2.00 |
||
| 925 | _g2.00 | ||
| 942 | _cTEXL | ||
| 999 |
_c1446712 _d1446712 |
||